000 00332nam a2200133Ia 4500
008 200103s9999||||xx |||||||||||||| ||und||
040 _aIMU-MPC
082 _aColumn-56
100 _aStringer, john
245 0 _aHydraulic Systems Analysis an Introduction
260 _bMacmillan, London
_c1976
300 _axiv, 173
942 _cBK
999 _c10538
_d10538